000
00337 a2200109 4500
001
ART_10178
005
20260410161848.0
008
260409a
245
1
0
_a
Estimación de sistemas de ecuaciones de gastos y demanda
100
1
_a
de Janvry, Alain
773
0
_t
Económica
_g
- Año XVI, Nº1 (ene./abr. 1970)
_w
REV7541
999
_c
24719
_d
24719